Electrons in action (Record no. 544408)
[ view plain ]
| 000 -LEADER | |
|---|---|
| fixed length control field | 00628cam a22001931 4500 |
| 082 ## - DEWEY DECIMAL CLASSIFICATION NUMBER | |
| Classification number | 537 |
| Author Mark | DAU |
| -- | L-11, P-6 |
| 100 1# - MAIN ENTRY--PERSONAL NAME | |
| Personal name | Daunt, John Gilbert, |
| 9 (RLIN) | 40032 |
| 245 10 - TITLE STATEMENT | |
| Title | Electrons in action |
| Statement of responsibility, etc. | [by] J. G. Daunt ... Line drawings by Griselda Allen. |
| 260 ## - PUBLICATION, DISTRIBUTION, ETC. | |
| Place of publication, distribution, etc. | [London, |
| Name of publisher, distributor, etc. | Sigma Books limited, |
| Date of publication, distribution, etc. | 1946] |
| 300 ## - PHYSICAL DESCRIPTION | |
| Extent | 151 p. |
| Other physical details | illus., VIII pl. on 4 l. |
| Dimensions | 19 cm. |
| 490 0# - SERIES STATEMENT | |
| Series statement | Sigma introduction to science 4 |
| 500 ## - GENERAL NOTE | |
| General note | "First published in 1946." |
| 526 ## - STUDY PROGRAM INFORMATION NOTE | |
| Program name | 0 |
| Interest level | 0 |
| Reading level | 0 |
| Title point value | 537_000000000000000_DAU |
| 650 #0 - SUBJECT ADDED ENTRY--TOPICAL TERM | |
| Topical term or geographic name entry element | Electricity. |
| 9 (RLIN) | 39895 |
| 650 #0 - SUBJECT ADDED ENTRY--TOPICAL TERM | |
| Topical term or geographic name entry element | Electronics. |
| 650 #0 - SUBJECT ADDED ENTRY--TOPICAL TERM | |
| Topical term or geographic name entry element | Magnetism. |
| 9 (RLIN) | 39896 |
| 650 #0 - SUBJECT ADDED ENTRY--TOPICAL TERM | |
| Topical term or geographic name entry element | MCE |
| 9 (RLIN) | 379 |
| 942 ## - ADDED ENTRY ELEMENTS (KOHA) | |
| Source of classification or shelving scheme | |
| Koha item type | Book |
| Withdrawn status | Lost status | Source of classification or shelving scheme | Damaged status | Not for loan | Permanent Location | Current Location | Date acquired | Total Checkouts | Full call number | Barcode | Date last seen | Price effective from | Koha item type |
|---|---|---|---|---|---|---|---|---|---|---|---|---|---|
| Military College of Engineering (MCE) | Military College of Engineering (MCE) | 04/17/2014 | 537 DAU | MCE-41027 | 04/17/2014 | 04/17/2014 | Book |
